00279nam a2200097Ia 4500008004100000245005800041245001700099260000900116650000800125856004800133171211s9999 xx 000 0 und d 4aThe New Hollywood: From Bonnie and Clyde to Star Wars cPeter Kramer c2006 xART uhttp://down.ebook777.com/061/1904764584.pdf